Особенности процесса сушки хлорида калия в пневматической трубе-сушилке: автореферат диссертации на соискание ученой степени кандидата технических наук; спец. 05.17.08

Dettagli Bibliografici
Autore principale: Тимофеев И. Е. Иван Егорович
Ente Autore: Пермский государственный технический университет (ПГТУ) Кафедра "Машины и аппараты производственных процессов"
Altri autori: Загидуллин С. Х. Сафар Хабибуллович (научный руководитель)
Riassunto:Заглавие с титульного экрана
Электронная версия печатной публикации
Lingua:russo
Pubblicazione: Томск, 2009
Soggetti:
Accesso online:http://www.lib.tpu.ru/fulltext/a/2009/46.pdf
Natura: MixedMaterials Elettronico Libro
KOHA link:https://koha.lib.tpu.ru/cgi-bin/koha/opac-detail.pl?biblionumber=157030

MARC

LEADER 00000nlm0a2200000 4500
001 157030
005 20231031153457.0
035 |a (RuTPU)RU\TPU\book\170313 
090 |a 157030 
100 |a 20090402d2009 k y0rusy50 ca 
101 0 |a rus 
102 |a RU 
105 |a a dm 001zy 
135 |a drbn ---uucaa 
181 0 |a i  
182 0 |a b 
200 1 |a Особенности процесса сушки хлорида калия в пневматической трубе-сушилке  |b Электронный ресурс  |e автореферат диссертации на соискание ученой степени кандидата технических наук  |e спец. 05.17.08  |f И. Е. Тимофеев  |g Пермский государственный технический университет (ПГТУ), Кафедра "Машины и аппараты производственных процессов" ; науч. рук. С. Х. Загидуллин  
203 |a Текст  |c электронный 
210 |a Томск  |d 2009 
215 |a 1 файл (514 Kb) 
230 |a Электронные текстовые данные (1 файл : 514 Kb) 
300 |a Заглавие с титульного экрана 
300 |a Электронная версия печатной публикации 
337 |a Adobe Reader 
452 1 |0 (RuTPU)RU\TPU\book\165639  |t Особенности процесса сушки хлорида калия в пневматической трубе-сушилке  |o автореферат диссертации на соискание ученой степени кандидата технических наук  |o спец. 05.17.08  |f И. Е. Тимофеев  |g Пермский государственный технический университет (ПГТУ), Кафедра "Машины и аппараты производственных процессов" ; науч. рук. С. Х. Загидуллин  |c Томск  |n Б.и.  |d 2009  |p 23 с.  |a Тимофеев, Иван Егорович 
610 1 |a исследования 
610 1 |a конвективные сушилки 
610 1 |a гидродинамика 
610 1 |a процессы 
610 1 |a исследования 
610 1 |a аэровзвеси 
610 1 |a движение 
610 1 |a кинетика 
610 1 |a пневматические трубы-сушилки 
610 1 |a авторефераты диссертаций 
610 1 |a моделирование 
610 1 |a электронный ресурс 
675 |a 66.047(04)  |v 3 
686 |a 05.17.08  |2 oksvnk 
700 1 |a Тимофеев  |b И. Е.  |g Иван Егорович 
702 1 |a Загидуллин  |b С. Х.  |g Сафар Хабибуллович  |4 727 
712 0 2 |a Пермский государственный технический университет (ПГТУ)  |b Кафедра "Машины и аппараты производственных процессов"  |c (1992- )  |2 stltpush  |3 (RuTPU)RU\TPU\col\371 
801 1 |a RU  |b 63413507  |c 20090402  |g PSBO 
801 2 |a RU  |b 63413507  |c 20151116  |g RCR 
856 4 |u http://www.lib.tpu.ru/fulltext/a/2009/46.pdf 
942 |c CF